000 00298nam a22001097a 4500
040 _cSK
082 _a317
100 _aLOWELL J.
245 _aដើមម្រំ អាហរធម្មជាតិសំរាប់តំបន់ត្រូពិក
260 _aNA
_bLOW
_c1999
942 _cEK
999 _c10343
_d10343